Liberia-Quiz - Statistiken

Allgemein
  • Dieses Quiz wurde 1.747 mal gespielt
  • Das Durchschnittsergebnis liegt bei 9 aus 16
Antwortstatistiken
Frage Antwort % Korrekt
Amtssprache Englisch
94%
Nach dem Gesetz kann ein liberianischer Mann bis zu vier ____ haben Ehefrauen
90%
Nachbarland Guinea
85%
Nachbarland Sierra Leone
84%
Liberia wurde als Ort für freie Sklaven aus diesem Land gegründet Vereinigte Staaten
84%
Nachbarland Elfenbeinküste
82%
Währung von Liberia Dollar
76%
Hauptstadt von Liberia Monrovia
70%
Historischer Name Liberias (Tipp: ein Gewürz) {Pfeffer}küste
60%
Präsident dieses Landes, nach dem die Hauptstadt benannt ist James Monroe
51%
Christliche Konfession, zu der 76% der Liberianer angehören {Protestant}ismus
43%
Weltfußballer des Jahres 1995, der 2018 zum Präsidenten Liberias gewählt wurde George Weah
42%
Baumprodukt, der 11% der Exporte Liberias ausmacht Gummi
34%
Warlord, der für Verbrechen gegen die Menschheit 2012 verurteilt wurde Charles {Taylor}
17%
Um finanzielle Vorteile zu erhalten sind viele ausländische Schiffe mit der Flagge Liberias registriert. Was ist der Fachbegriff für dieses Vorgehensweise? {Billig}flagge
16%
Zwei zahlreichste Ethnien Liberias (Nennen Sie eine) Kpelle | Bassa
9%
Keine übereinstimmenden Quizze gefunden
Verteilung der Resultate
Anzahl Personen mit jedem Resultat
Perzentil nach korrekt beantworteten Fragen
Ihre Resultats-Entwicklung
Sie haben dieses Quiz noch nicht gespielt